000 00801nam a2200253 4500
001 442
003 CO-MdBIC
005 20210818170559.0
008 210818b ||||| |||| 00| 0 eng d
020 _a958-614-259-0
040 _bCO-MdFUSB
_aesp
_cCO-MdFUSB
_dCO-MdFUSBC
_erda
041 _aspa
082 0 4 _aR 986.1 T596u
245 1 0 _aLiteratura y pensamiento / Gloria Zea, Dirección del proyecto, Jaime Jaramillo Uribe, Director científico.o, artes y recreación /
_c/
264 1 _aBogotá, Colombia :
_bPlaneta,
_c[1989]
264 4 _c© 1989
300 _a400 Pag.
_c;
336 _2rdacontent
_atexto
_btxt
337 _2rdamedia
_asin mediación
_bn
338 _2rdacarrier
_avolumen
_bnc
653 _aColombia historia literatura arte folclor
942 _cBK
945 _aestudiante
999 _c31970
_d31970